Commentary on the Protection of Children from Sexual Offences Act, 2012 and rules / (Record no. 93345)

MARC details
000 -LEADER
fixed length control field 00632nam a22001937a 4500
005 - DATE AND TIME OF LATEST TRANSACTION
control field 20150623112242.0
010 ## - LCCN (DPL NO)
LC control number ENG-112873
020 ## - INTERNATIONAL STANDARD BOOK NUMBER
Terms of availability 595.00
International Standard Book Number 9789350353721
035 ## - SYSTEM CONTROL NUMBER
System control number EN-96405
037 ## - SOURCE OF ACQUISITION
Source of stock number/acquisition DBAD/PUB
082 ## - DEWEY DECIMAL CLASSIFICATION NUMBER
Classification number 345.540253
100 ## - MAIN ENTRY--PERSONAL NAME
Personal name Narayana, P.S.
245 ## - TITLE STATEMENT
Title Commentary on the Protection of Children from Sexual Offences Act, 2012 and rules /
Statement of responsibility, etc by P.S. Narayana
260 ## - PUBLICATION, DISTRIBUTION, ETC. (IMPRINT)
Place of publication, distribution, etc Delhi
Name of publisher, distributor, etc Universal Law Publishing
Date of publication, distribution, etc 2013
270 ## - ADDRESS
Address A-58, G.T Karnal Road Industrial Estate,
City Delhi
Postal code 110033
300 ## - PHYSICAL DESCRIPTION
Extent liv,428p.
Dimensions 25cm(Hb)
500 ## - GENERAL NOTE
General note Includes index
942 ## - ADDED ENTRY ELEMENTS (KOHA)
Source of classification or shelving scheme Dewey Decimal Classification
Item type English Books
Call number suffix NAR
Classification part 345.540253
Holdings
Withdrawn status Lost status Not for loan Collection code Home library Current library Date acquired Source of acquisition Cost, normal purchase price Full call number Barcode Copy number Cost, replacement price Koha item type
    Not For Loan Non-fiction D.B.Act.Division D.B.Act.Division 06/05/2015 DBAD/PUB 595.00 345.540253 NAR EN-96405 1 595.00 English Books

© Delhi Public Library
Hit Counter
free hit counter